000 00708nam a22002297a 4500
005 20170124105936.0
010 _a360028
020 _c00.00
035 _a360028
037 _bCen Lib/Ret
040 _aDPL
_bEN
082 _a215
_bVIV
100 _aVivekananda, Swami
_99657
245 _aThe science and the philosophy of religion :
_cby Swami Vivekananda
_ba comparative study of samkhya, vedanta and others systems of thoughts /
246 _b
260 _bUdbodhan Office
_aCalcutta
_c1964
270 _bCalcutta
_aUdbodhan Lane
300 _a112p.
_c17cm(Hb)
650 _aReligion
_z
_991253
650 _aPhilosophy and science
_99659
942 _2ddc
_cEN
_h212
_mVIV
999 _c124179
_d124179